|
|
|
|
| LEADER |
00745cam a2200217 a 4500 |
| 001 |
0000077610 |
| 005 |
20050817090000.0 |
| 040 |
|
|
|a mod
|
| 041 |
|
|
|a eng
|
| 020 |
0 |
0 |
|a 0826121438
|
| 090 |
0 |
0 |
|a 610.7361
|b DIS
|e 2003
|
| 245 |
0 |
0 |
|a Disaster nursing and emergency preparedness for chemical, biological, and radiological terrorism and other hazards
|c editor Tener Goodwin Veenema, editor.
|
| 260 |
0 |
0 |
|a New York
|b Springer Pub. Co.
|c 2003
|
| 300 |
0 |
0 |
|a xxviii, 586 p.
|b ill.
|c 26 cm
|
| 500 |
0 |
0 |
|a Includes bibliographical references and index
|
| 650 |
0 |
0 |
|a Disasters
|
| 650 |
0 |
0 |
|a Emergency nursing
|
| 650 |
0 |
0 |
|a Disaster nursing
|
| 650 |
0 |
0 |
|a Nursing
|
| 700 |
1 |
1 |
|a Veenema
|h Tener Goodwin
|
| 999 |
|
|
|a 0232872
|b INSAN
|d BOOKS
|e Rujukan
|f INSAN
|j AVAILABLE
|q GOOD CONDITION
|